| 000 | 00549nam a2200181 u 4500 | ||
|---|---|---|---|
| 001 | 000410163 | ||
| 003 | AM-YEHGA | ||
| 005 | 20250617132733.0 | ||
| 008 | 050216s1961 ||| r 000 0 rus d | ||
| 040 | _aAM-YeHGA | ||
| 041 | 1 |
_arus _hfre |
|
| 100 | 1 | _aВерхарн, Эмиль. | |
| 245 | 1 | 0 |
_aСтихи : _bПер. с фр. / _cЭмиль Верхарн. |
| 260 |
_aМосква ; _aЛенинград : _bГослитиздат, _c1961. |
||
| 300 | _a326 с. | ||
| 653 | 0 | _aФранцузская поэзия - 19-20 в. | |
| 090 | _c157462 | ||
| 999 |
_c156063 _d156063 |
||